Štúdium vodíkových väzieb v krýštálových štruktúrach komplexov medi
Na minha lista:
| Autor principal: | |
|---|---|
| Formato: | Livro |
| Idioma: | eslovaco |
| Publicado em: |
Bratislava
FCHPT STU
2008
|
| Acesso em linha: | View in OPAC |
| Tags: |
Sem tags, seja o primeiro a adicionar uma tag!
|
MARC
| LEADER | 00000nam a2200000 a 4500 | ||
|---|---|---|---|
| 005 | 20260127134012.0 | ||
| 008 | 110324 2009 xo 000 0 slo d | ||
| 035 | |a vtls010266195 | ||
| 039 | 9 | |y 201103240924 |z mschk03 | |
| 040 | |a STUSCHK1 |b slo |c STUSCHK1 |e AACR2 | ||
| 100 | 1 | |a Moncoľ, Ján | |
| 245 | 1 | |a Štúdium vodíkových väzieb v krýštálových štruktúrach komplexov medi |c Ján Moncoľ | |
| 260 | |a Bratislava |b FCHPT STU |c 2008 | ||
| 300 | |a 64 s. |b il. |c 30 cm + príloha | ||
| 500 | |a Obháj.: 30.9. 2009 | ||
| 500 | |a Fakulta chemickej a potravinárskej technológie STU, Odd. anorganickej chémie | ||
| 500 | |a Habilitačná práca | ||
| 910 | |a SCHK95 | ||
| 999 | |c 1882 |d 1882 | ||